| 000 | 00405nam a2200145 a 4500 | ||
|---|---|---|---|
| 001 | 1902 | ||
| 003 | CDMR | ||
| 005 | 20130116135217.0 | ||
| 008 | 130130s1997||||||||||||||||||||||||||||d | ||
| 040 |
_aCDMR _bcat _cCPC LLEIDA |
||
| 100 | 1 |
_aSolo de Zaldívar, Víctor Bretón _91419 |
|
| 245 | 1 | 3 |
_aLa agricultura familiar en España _cSOLO DE ZALDÍVAR, Víctor Bretón |
| 260 |
_aLleida _c1997 _bUdL |
||
| 942 | _cMON | ||
| 999 |
_c1902 _d1902 |
||